Beyond Mendell's garden: Biotechnology in the service of world agriculture (Record no. 40398)

MARC details
000 -LEADER
fixed length control field 00358nam a2200121Ia 4500
082 ## - DEWEY DECIMAL CLASSIFICATION NUMBER
Classification number 573.6:63
Item number PER
100 ## - MAIN ENTRY--AUTHOR NAME
Personal name Persley, Gabriele J
245 #0 - TITLE STATEMENT
Title Beyond Mendell's garden: Biotechnology in the service of world agriculture
260 ## - PUBLICATION, DISTRIBUTION, ETC. (IMPRINT)
Place of publication UK
Name of publisher CAB International
Year of publication 1990
650 ## - SUBJECT ADDED ENTRY--TOPICAL TERM
Topical Term Biotechnology
942 ## - ADDED ENTRY ELEMENTS (KOHA)
Koha item type Books
Holdings
Withdrawn status Lost status Damaged status Not for loan Home library Current library Date acquired Cost, normal purchase price Full call number Accession Number Koha item type
        RRII Library RRII Library 16/12/2021 12.50 573.6:63 PER 20698 Books